| 000 | 01278nam a2200205Ia 4500 | ||
|---|---|---|---|
| 001 | 16654 | ||
| 003 | GE_BSU | ||
| 008 | 181216s||||||||xx |||||||||||||| ||und|| | ||
| 040 | _cGE_BSU | ||
| 100 | _aმახარაძე, ფილიპე | ||
| 245 | _aაქ ზამთარშიც მოაქვთ ყვავილები. [დოკუმენტური მასალები ვ. ი. ლენინის ცხოვრებისა და რევოლუციური მოღვაწეობის შესახებ] | ||
| 245 | _b[დოკუმენტური მასალები ვ. ი. ლენინის ცხოვრებისა და რევოლუციური მოღვაწეობის შესახებ] | ||
| 260 | _aბათუმი | ||
| 260 | _bსაბჭ. აჭარა | ||
| 260 | _c1970 | ||
| 300 | _a154გვ. ; 17სმ | ||
| 653 | _aაქ ზამთარშიც მოაქვთ ყვავილები | ||
| 653 | _aდოკუმენტური მასალები ვ. ი. ლენინის ცხოვრებისა და რევოლუციური მოღვაწეობის შესახებ | ||
| 942 | _cBK | ||
| 999 |
_c49720 _d49720 |
||